Chaînes de mots "Spécial" - Statistiques

Statistiques générales
  • Ce quiz a été pris 692 fois
  • Le résultat moyen est 19 sur 30
Statistiques - réponses
Question Réponse % Correct
Synonyme de tenter Essayer
88%
Arbre à décoré pour le 25 décembre Sapin
87%
Nom de la reine des neiges Elsa
84%
Ils font avancer le Père Noël Rennes
83%
Le Samu, le SMUR ou les Pompiers peuvent nous y emmener Urgence
81%
Indispensable de la connaître pour aller au rendez-vous Date
79%
Evènement météorologique produisant de grosses vagues Tsunami
77%
L'aquarium va aux poissons, ce que le …. va aux reptiles Terrarium
76%
Prendre l'identité d'un autre Usurper
75%
Jeux qui ont lieux tous les quatre ans suivant la période de l'année Olympiques
74%
Serpent constricteur Anaconda
71%
Chaîne de montagne avec les sommets les plus hauts du monde Himalaya
71%
Faute, on l'a commet une fois mais pas deux Erreur
70%
On a besoin de ce justificatif pour pouvoir pratiquer Certificat
66%
Principal composant du sel de mer Iode
66%
S'il est virtuel alors il est Irréel
64%
Capitale de l'Arménie Erevan
59%
Ils sont consommables en desserts ou après une opération des dents Yaourts
59%
Ordures ou déchets Détritus
58%
Empire colonisant le Mexique jusqu'à Ushuaia sans passer par le Brésil Espagnol
57%
Marque de Sport en 5 lettres Umbro
54%
Toucher et émouvoir sont ses synonymes Attendrir
53%
Etat canadien avec son lac éponyme Ontario
53%
Pratique issue de la tradition médicale chinoise Acupuncture
46%
Bateau à moteur Zodiac
40%
Synonyme d'inachevé commençant par les 4 même premières lettres Inaccompli
38%
Tourne dans un sens quelconque Rotation
37%
Arbre fruitier, d'origine tropicale Litchi
35%
Liqueur grecque parfumée à l'anis Ouzo
34%
Maladie de la vigne Mildiou
31%
Aucun quiz correspondant
Distribution des résultats
% des personnes avec chaque résultat
Percentile par nombre de réponses
Votre historique - résultats
Vous n’avez pas pris ce quiz